Your family / (Record no. 2010)

MARC details
000 -LEADER
fixed length control field 00975cam a22003133a 4500
001 - CONTROL NUMBER
control field 15664277
003 - CONTROL NUMBER IDENTIFIER
control field OSt
005 - DATE AND TIME OF LATEST TRANSACTION
control field 20180922144248.0
008 - FIXED-LENGTH DATA ELEMENTS--GENERAL INFORMATION
fixed length control field 860327s1983 ilu 000 0 eng d
010 ## - LIBRARY OF CONGRESS CONTROL NUMBER
LC control number 2009389052
020 ## - INTERNATIONAL STANDARD BOOK NUMBER
International Standard Book Number 0802402577
035 ## - SYSTEM CONTROL NUMBER
System control number (OCoLC)ocm13353646
035 ## - SYSTEM CONTROL NUMBER
System control number (OCoLC)13353646
040 ## - CATALOGING SOURCE
Original cataloging agency TCT
Transcribing agency TCT
Modifying agency YDXCP
-- OCLCG
-- DLC
042 ## - AUTHENTICATION CODE
Authentication code lccopycat
050 00 - LIBRARY OF CONGRESS CALL NUMBER
Classification number CPB Box no. 2845 vol. 18
082 ## - DEWEY DECIMAL CLASSIFICATION NUMBER
Classification number 301.42
Item number M1161Y
100 1# - MAIN ENTRY--PERSONAL NAME
Personal name MacArthur, John,
Dates associated with a name 1939-
245 10 - TITLE STATEMENT
Title Your family /
Statement of responsibility, etc. by John MacArthur, Jr.
260 ## - PUBLICATION, DISTRIBUTION, ETC.
Place of publication, distribution, etc. Chicago :
Name of publisher, distributor, etc. Moody Press,
Date of publication, distribution, etc. c1983.
300 ## - PHYSICAL DESCRIPTION
Extent 188 p. ;
Dimensions 18 cm.
500 ## - GENERAL NOTE
General note Expanded for group study from The Family.
650 #0 - SUBJECT ADDED ENTRY--TOPICAL TERM
Topical term or geographic name entry element Marriage
General subdivision Religious aspects
-- Christianity.
650 #0 - SUBJECT ADDED ENTRY--TOPICAL TERM
Topical term or geographic name entry element Families
General subdivision Religious life.
710 2# - ADDED ENTRY--CORPORATE NAME
Corporate name or jurisdiction name as entry element Copyright Paperback Collection (Library of Congress)
Institution to which field applies DLC
906 ## - LOCAL DATA ELEMENT F, LDF (RLIN)
a 7
b cbc
c copycat
d 2
e ncip
f 20
g y-genrareb
942 ## - ADDED ENTRY ELEMENTS (KOHA)
Source of classification or shelving scheme Dewey Decimal Classification
Koha item type Books
Holdings
Withdrawn status Lost status Source of classification or shelving scheme Damaged status Not for loan Collection code Home library Current library Shelving location Date acquired Total Checkouts Full call number Barcode Date last seen Price effective from Koha item type
    Dewey Decimal Classification     Non-fiction Harvest Mission College Harvest Mission College General Stacks 22.09.2018   301.42 M1161Y 003173 22.09.2018 22.09.2018 Books

OPAC Designed and Maintained by HMC Library Team.
Copyright © HMC Library,Greater Noida, UP.
For any Suggestions/Query Contact library via Email:libhmc@gmail.com